Nuno e Carolina e o circo infantil (Registo nº 6094)
[ vista simples ]
| 000 -Etiqueta do registo | |
|---|---|
| Valores | 00684cam a2200205 04500 |
| 100 ## - Dados gerais de processamento | |
| Dados gerais | 20211231d1981 m||y0pory5003 ba |
| 200 1# - Titulo e menção de responsabilidade | |
| Título próprio | Nuno e Carolina e o circo infantil |
| Primeira menção de responsabilidade | história de Marie-France Mangin |
| Outras menções de responsabilidade | verãao portuguesa de António Manuel Couto Viana |
| 210 #9 - Publicação | |
| Local de publicação | Lisboa |
| Nome do editor | Difusão Verbo, |
| Data de publicação | cop. 1981 |
| 215 ## - Descrição física | |
| Paginação / Volumes | 29 p. |
| Outras indicações físicas | il. |
| Dimensões | 29 cm |
| 606 ## - Nome comum usado como assunto | |
| ID Autoridade | 14 |
| Palavra de ordem | Literatura infantil |
| 606 ## - Nome comum usado como assunto | |
| ID Autoridade | 13 |
| Palavra de ordem | Literatura Estrangeira |
| 675 ## - CDU | |
| Notação | 82-93 |
| Edição | BN |
| Língua | por |
| 675 ## - CDU | |
| Notação | 821.1/.8 |
| Edição | BN |
| Língua | por |
| 700 ## - Autor principal (pessoa individual) | |
| Apelido | Mangin |
| Nome | Marie-France |
| ID Autoridade | 5804 |
| 702 ## - Autor secundário (pessoa individual) | |
| Apelido | Viana |
| Nome | António Manuel Couto |
| Datas | 1923-2010 |
| ID Autoridade | 3752 |
| 801 #0 - Fonte de origem | |
| País | PT |
| Agência | BMVN |
| Regras de catalogação | RPC |
| 830 ## - Notas gerais do catalogador | |
| Criado por | Ana Caetano |
| Data de criação | 31/12/2021 |
| 990 ## - Elementos KOHA | |
| Tipo de documento | Livro |
| Situação do levantamento | Biblioteca de origem | Código de barras | Cota | Permissão de empréstimo | Tipo de documento | Forma de aquisição |
|---|---|---|---|---|---|---|
| Biblioteca Municipal de Vendas Novas | 100000038996 | LI EST/MAN | Livro |